University Home | Library Home | Institutional Repository

La bottega del caffe / (Record no. 187141)

MARC details
000 -LEADER
fixed length control field 00629cam0a220019300 4500
001 - CONTROL NUMBER
control field qcf00023630
005 - DATE AND TIME OF LATEST TRANSACTION
control field 20190830105634.0
008 - FIXED-LENGTH DATA ELEMENTS--GENERAL INFORMATION
fixed length control field 760621s1958 it 000 1 ita d
035 ## - SYSTEM CONTROL NUMBER
System control number (Sirsi) r26153
035 ## - SYSTEM CONTROL NUMBER
System control number (QCAT)lss01294047
035 ## - SYSTEM CONTROL NUMBER
System control number (UPRA)qcf00023630
040 ## - CATALOGING SOURCE
Modifying agency UPRA
100 1# - MAIN ENTRY--PERSONAL NAME
Personal name Goldoni, Carlo, 1707-1793.
Dates associated with a name Goldoni, Carlo, 1707-1793.
Linkage A44368.1
245 13 - TITLE STATEMENT
Title La bottega del caffe /
Statement of responsibility, etc. Carlo Goldoni ; a cura di Paolo Lecaldano.
260 ## - PUBLICATION, DISTRIBUTION, ETC.
Place of publication, distribution, etc. Milano :
Name of publisher, distributor, etc. Rizzoli,
Date of publication, distribution, etc. 1958.
490 0# - SERIES STATEMENT
Series statement Biblioteca Universale Rizzoli 1245
Linkage S13400.1
949 ## - LOCAL PROCESSING INFORMATION (OCLC)
a PQ4694.B6
w lcc
i -26762
m MAIN
t BOOK
l ON-SHELF

No items available.

© 2026 - The University of Zambia Library - Koha v25.11